| 000 | 00607nam a22001815i 4500 | ||
|---|---|---|---|
| 001 | 164122 | ||
| 003 | ES-MaACL | ||
| 005 | 20251015063145.0 | ||
| 008 | 970917s1885 sp |||| | spa d | ||
| 040 |
_aCYL _bspa _cCYL |
||
| 100 | 1 |
_aRueda, Salvador, _d1857-1933 _9100515 |
|
| 245 | 1 | 0 |
_aPoema nacional / _cpor Salvador Rueda. |
| 260 |
_aMadrid : _b[s.n.], _c1885 ( _fRicardo Fé) |
||
| 300 |
_a208 p. ; _c18 cm. |
||
| 597 | 1 | _aEn port. consta: I. Costumbres populares ; pero es el único tomo publicado, según Palau. | |
| 852 |
_aES-MaACL _jF-10859 _z-- Enc. pasta |
||
| 999 |
_c164122 _d164122 |
||